Handbook of cosmetic science and technology / (Record no. 7729)

000 -LEADER
fixed length control field 01105cam a2200229 i 4500
003 - CONTROL NUMBER IDENTIFIER
control field OSt
005 - DATE AND TIME OF LATEST TRANSACTION
control field 20200513142432.0
008 - FIXED-LENGTH DATA ELEMENTS--GENERAL INFORMATION
fixed length control field 140418s2014 flua b 001 0 eng
082 00 - DEWEY DECIMAL CLASSIFICATION NUMBER
Classification number 668.55
Edition number 23
245 00 - TITLE STATEMENT
Title Handbook of cosmetic science and technology /
Statement of responsibility, etc editors, André O. Barel, Ph.D., M.S., Emeritus Full Professor of General Chemistry, General and Human Biochemistry, Oral Biochemistry and Cosmetic Sciences, Vrije Univsiteit Brussel, Brussels, Belgium, Marc Paye, Ph.D., European Qualified Person for Pharmacovigilance and Safety Officer, Colgate-Palmolive R&D, Liège, Belgium, Howard I. Maibach, M.D., Professor of Dermatilogy, University of California School of Medicine, San Francisco, USA.
250 ## - EDITION STATEMENT
Edition statement Fourth edition.
300 ## - PHYSICAL DESCRIPTION
Extent xiv, 711 pages :
Other physical details illustrations ;
Dimensions 29 cm.
504 ## - BIBLIOGRAPHY, ETC. NOTE
Bibliography, etc Includes bibliographical references and index.
650 12 - SUBJECT ADDED ENTRY--TOPICAL TERM
Topical term or geographic name as entry element Cosmetics.
650 22 - SUBJECT ADDED ENTRY--TOPICAL TERM
Topical term or geographic name as entry element Consumer Product Safety.
650 22 - SUBJECT ADDED ENTRY--TOPICAL TERM
Topical term or geographic name as entry element Skin Care.
650 22 - SUBJECT ADDED ENTRY--TOPICAL TERM
Topical term or geographic name as entry element Skin.
700 1# - ADDED ENTRY--PERSONAL NAME
Personal name Barel, A. O.,
Relator term editor.
700 1# - ADDED ENTRY--PERSONAL NAME
Personal name Paye, Marc,
Dates associated with a name 1959-
Relator term editor.
700 1# - ADDED ENTRY--PERSONAL NAME
Personal name Maibach, Howard I.,
Relator term editor.
942 ## - ADDED ENTRY ELEMENTS (KOHA)
Source of classification or shelving scheme
Holdings
Withdrawn status Lost status Source of classification or shelving scheme Damaged status Koha normalized classification for sorting Not for loan Permanent location Current location Date acquired Total Checkouts Full call number Barcode Date last seen Date last borrowed Price effective from Koha item type
        668_000000000000000_55GRA   BMS College of Architecture, Design and Planning BMS College of Architecture, Design and Planning 2020-05-13 5 668.55GRA ar-ug1472 2023-02-21 2023-02-15 2020-05-13 UG Books
Copyright © 2025, The Librarian, Library and Information Centre, BMSCA D&P, Bengaluru. All Rights Reserved
web counter

Powered by Koha